Gaming Quiz

Random Gaming Quiz
Score 0/47 Timer 10:00
0 Plays Today
Hint Answer % Correct
shoots iceice beam
91.3%
shoots electricitywave beam
89.1%
shoots fire plasma beam
89.1%
original suitvaria suit
84.8%
first wepon you getpower beam
82.6%
you get this after the omega piratephazon suit
80.4%
allows free movement underwater and better visiongravity suit
78.3%
allows travel on magnetic railsspider ball
76.1%
uses busts of dark energydark beam
73.9%
shoots bursts of lightlight beam
73.9%
a suit that lessens damage in dark aetherdark suit
73.9%
allows you to see heat signituresthermal visor
73.9%
allows you to see chozo ghosts and other stuffx-ray visor
73.9%
a suit that allows no damage taken from dark aether atmospere light suit
71.7%
allows you to swing across gapsgrapple beam
71.7%
allows faster morph ball travelboost ball
71.7%
once your suit malfuncions you get the __________power suit
69.6%
extremely powerful morph ball bombpower bomb
69.6%
allows you to travel more than two jumps and can damage enemiesscrew attack
69.6%
uses both light and dark energyannihilator beam
67.4%
missle combo to wave beamwave buster
65.2%
uses highly condensed _____phazon beam
63%
missle combo to plasma beamflamethrower
63%
allows double jumpspace jump boots
63%
Hint Answer % Correct
missle combo to ice beamice spreader
56.5%
allows you to see sound wavesecho visor
56.5%
a green beam in metroid prime threenova beam
54.3%
after the mission on norianP.E.D suit
54.3%
allows a more powerful attack but you need to charge it firstcharge beam
52.8%
allows you to see dark energydark visor
52.2%
missle combo to dark beamdarkburst
47.8%
allows you to pull stuff apart in metroid prime 3grapple lasso
45.7%
missle combo to light beamsunburst
45.7%
missle combo to annihilator beam sonic boom
45.7%
missle combo to power beam super missle
43.5%
allows use of misslesmissle launcher
41.3%
allows better movement in water in mp2gravity boost
38.9%
combo of ice beam and missles in mp3ice missle
37%
you get after mogenarhyper ball
34.8%
get after omega ridelyhyper grapple
34.8%
allows you to use multiple missles at onceseeker missle
32.6%
allows your ship to use the grapple beamship grapple
32.6%
allows protection in the hostile environment of the pirate homeworldshazard shield
30.6%
allows your ship to use misslesship missle
30.4%
this is what you get after helios hyper missle
28.3%
allows you to drain or put energy while grapple lassoinggrapple voltage
28.3%
allows you to transfer planetary energyenergy controller
13%
Remove Ads.
Support Sporcle.
Get the best of Sporcle when you Go Orange. This ad-free experience offers more features, more stats, and more fun while also helping to support Sporcle. Thank you for becoming a member.

You're not logged in!

Compare scores with friends on all Sporcle quizzes.
OR
Log In

Show Comments

Extras

Created Jan 10, 2015ReportNominate
Tags:metroid, prime, upgrade

Top Quizzes Today


Score Distribution

Your Account Isn't Verified!

In order to create a playlist on Sporcle, you need to verify the email address you used during registration. Go to your Sporcle Settings to finish the process.

Report this User

Report this user for behavior that violates our Community Guidelines.

Details: